| 000 | 01254cam a2200337 i 4500 | ||
|---|---|---|---|
| 001 | 17735353 | ||
| 003 | PILC | ||
| 005 | 20151203134347.0 | ||
| 008 | 130513s2014 nyua b 001 0 eng | ||
| 010 | _a 2013015636 | ||
| 020 | _a9780073534909 (alk. paper) | ||
| 020 | _z0073534909 (alk. paper) | ||
| 040 |
_aDLC _beng _cDLC _erda _dDLC |
||
| 042 | _apcc | ||
| 050 | 0 | 0 |
_aTA 190 _b.Sm63 2014 |
| 082 | 0 | 0 | _a658.4/04 |
| 100 | 1 |
_aSmith, Karl A. _q(Karl Aldrich), _d1947- |
|
| 245 | 1 | 0 |
_aTeamwork and project management / _cKarl A. Smith, University of Minnesota & Purdue University. |
| 246 | 3 | _aTeam work and project management | |
| 250 | _a4th edition. | ||
| 260 |
_aNY : _bMcGraw-Hill, _c2014. |
||
| 300 |
_axii, 286 pages : _billustrations ; _c24 cm |
||
| 500 | _aIncludes bibliographical references and index. | ||
| 650 | 0 | _aEngineering management. | |
| 650 | 0 | _aTeams in the workplace. | |
| 650 | 0 | _aProject management. | |
| 700 | 1 | _aImbrie, P. K. | |
| 906 |
_a7 _bcbc _corignew _d1 _eecip _f20 _gy-gencatlg |
||
| 942 |
_2lcc _cBK _kFOR |
||
| 999 |
_c289006 _d289006 |
||